| 000 | 00746cab a2200253 4500 | ||
|---|---|---|---|
| 001 | ABS53270 | ||
| 008 | 090401t1995 xxu||||| |||| 00| 0 eng d | ||
| 035 | _a(Sirsi) u3129 | ||
| 041 | _aeng | ||
| 100 | _aGoble, J. | ||
| 245 | _aDon`t despair, tenant, there are remedies for disrepair | ||
| 260 | _c1995 | ||
| 350 | _a0 | ||
| 490 |
_aProperty Week _v52(1) 6 July 1995, 29(1) |
||
| 520 | _aDiscusses ways in which business tenants can persuade landlords to carry out repairs. | ||
| 650 | _aLANDLORD AND TENANT ACT 1954 | ||
| 650 | _aLANDLORD LIABILITY | ||
| 650 | _aLEASES | ||
| 650 | _aREPAIRING OBLIGATIONS | ||
| 650 | _aTENANTS REMEDIES | ||
| 690 | _aLANDLORD AND TENANT-BUSINESS TENANCIES | ||
| 942 | _n0 | ||
| 948 | _c04/03/1997 | ||
| 999 |
_c1900 _d1900 |
||